<?xml version="1.0" encoding="UTF-8"?>
<record
    xmlns:xsi="http://www.w3.org/2001/XMLSchema-instance"
    xsi:schemaLocation="http://www.loc.gov/MARC21/slim http://www.loc.gov/standards/marcxml/schema/MARC21slim.xsd"
    xmlns="http://www.loc.gov/MARC21/slim">

  <leader>01526nam a22001817a 4500</leader>
  <controlfield tag="005">20241127151851.0</controlfield>
  <controlfield tag="008">241127b        |||||||| |||| 00| 0 eng d</controlfield>
  <datafield tag="040" ind1=" " ind2=" ">
    <subfield code="c">LDD</subfield>
  </datafield>
  <datafield tag="100" ind1=" " ind2=" ">
    <subfield code="a">Kugler, Peter</subfield>
  </datafield>
  <datafield tag="245" ind1=" " ind2=" ">
    <subfield code="a">Meaning Autonomy and Objective Meaning in Life</subfield>
  </datafield>
  <datafield tag="260" ind1=" " ind2=" ">
    <subfield code="a">Calcutta : Sage, 2024</subfield>
  </datafield>
  <datafield tag="300" ind1=" " ind2=" ">
    <subfield code="b">p. 150-159</subfield>
  </datafield>
  <datafield tag="490" ind1=" " ind2=" ">
    <subfield code="a">https://journals.sagepub.com/doi/full/10.1177/09716858231185619</subfield>
    <subfield code="v">Vol. 30(2)</subfield>
  </datafield>
  <datafield tag="500" ind1=" " ind2=" ">
    <subfield code="a">Subjectivism states that meaning in life is determined by what subjects regard as meaningful. Objectivism denies this. The main argument against subjectivism is that it allows for seemingly worthless, or even immoral, sources of meaning. Objectivism, on the other hand, does not do justice to the role of subjective perspectives in the quest for meaning. This paper addresses the shortcomings of both positions by referring to the objective value of &#x2018;meaning autonomy&#x2019;, defined here as the freedom to determine for oneself what is meaningful in life. While the notion of meaning autonomy is compatible with realist objectivism, objectivity is understood in a non-realist sense in this paper, as being based on cultural standards of meaningfulness. Subjective meaning may be attached to &#x2018;worthless&#x2019; activities, but it cannot contradict the moral norms of the society that grants its members meaning autonomy.</subfield>
  </datafield>
  <datafield tag="650" ind1=" " ind2=" ">
    <subfield code="a">Immoral Sources of Meaning</subfield>
  </datafield>
  <datafield tag="856" ind1=" " ind2=" ">
    <subfield code="y">click here to online access</subfield>
    <subfield code="u">https://journals.sagepub.com/doi/full/10.1177/09716858231185619</subfield>
  </datafield>
  <datafield tag="942" ind1=" " ind2=" ">
    <subfield code="2">ddc</subfield>
    <subfield code="c">ARTICLES</subfield>
    <subfield code="n">0</subfield>
  </datafield>
  <datafield tag="999" ind1=" " ind2=" ">
    <subfield code="c">193287</subfield>
    <subfield code="d">193287</subfield>
  </datafield>
  <datafield tag="952" ind1=" " ind2=" ">
    <subfield code="r">2024-11-27 15:19:32</subfield>
    <subfield code="l">0</subfield>
    <subfield code="w">2024-11-27</subfield>
    <subfield code="y">ARTICLES</subfield>
    <subfield code="1">0</subfield>
    <subfield code="2">ddc</subfield>
    <subfield code="4">0</subfield>
    <subfield code="7">0</subfield>
    <subfield code="0">0</subfield>
    <subfield code="a">LDD</subfield>
    <subfield code="b">LDD</subfield>
    <subfield code="d">2024-11-27</subfield>
  </datafield>
</record>
